Museu i Mines Prehistòriques de Gavà : guia i serveis : curs ... guia i serveis :
Publicado:
Gavà :
Ajuntament de Gavà : Museu de Gavà : Diputació de Barcelona, Xarxa de Municipis, [2001]
Descripción Física:
74 p. : il. ; 21 cm
MARC
| LEADER | 00000nam a2200000Ia 4500 | ||
|---|---|---|---|
| 001 | 19923, 14922 | ||
| 008 | 160829s9999 xx 000 0 cat d | ||
| 080 | |a C-3-68, C-2-288 | ||
| 100 | |a Museu de Gavà |9 34708 | ||
| 245 | |a Museu i Mines Prehistòriques de Gavà : |b guia i serveis : |b curs ... | ||
| 260 | |a Gavà : |b Ajuntament de Gavà : |b Museu de Gavà : |b Diputació de Barcelona, Xarxa de Municipis, [2001] | ||
| 300 | |a 74 p. : |b il. ; |c 21 cm | ||
| 590 | |a Conté llista de publicacions del Museu | ||
| 650 | |a Museu de Gavà |x Activitats culturals |9 34709 | ||
| 650 | |a Mines prehistòriques |x Gavà |9 34710 | ||
| 710 | 1 | |a Barcelona (Catalunya : Província). |b Diputació |9 52408 | |
| 710 | 1 | |a Gavà (Catalunya). |b Ajuntament |9 54398 | |
| 866 | |a 1999 - 2000, 2001 - 2002 | ||
| 901 | |a Arxiu | ||
| 942 | |n 1 | ||
| 952 | |0 0 |1 0 |4 0 |6 C368_C2288 |7 1 |9 46616 |a Arxiu |b Arxiu |d 2016-12-01 |l 0 |o C-3-68, C-2-288 |p 19923, 14922 |r 2016-12-01 00:00:00 |w 2016-12-01 |y ARXIU | ||
| 999 | |c 50409 |d 50409 | ||